000 00457 a2200169 4500
003 Nust
005 20170207153427.0
040 _cNust
082 _a005.1
100 _aGhafoor , NC Dawood BESE-08
245 _aCellular location update using an intelligent Network platform (Hard / Soft-copy)
_c NC Dawood Ghafoor BESE-08
260 _bMCS
_c2006
300 _a81 p
538 _aAlmirah No 71 Shelf No 4
650 _aUG Projects
651 _aUG CS Projects
942 _cTHS
999 _c185963
_d185963